Normal view
MARC view
- Dr. Jayan P.R (Guide)
Entry Personal Name
001 - CONTROL NUMBER
- control field: 2172
003 - CONTROL NUMBER IDENTIFIER
- control field: OSt
005 - DATE AND TIME OF LATEST TRANSACTION
- control field: 20171120143111.0
008 - FIXED-LENGTH DATA ELEMENTS
- fixed length control field: 171120|| aca||aabn | a|a d
040 ## - CATALOGING SOURCE
- Original cataloging agency: OSt
- Transcribing agency: OSt
100 ## - HEADING--PERSONAL NAME
- Personal name: Dr. Jayan P.R (Guide)
670 ## - SOURCE DATA FOUND
- Source citation: Work cat.: (OSt): AMAL DEV J ARYA K.T HARSHA V 2171, Performance Evaluation of KAU Manure Pulverizer
